Books and Their Authors - Statistics

General Stats
  • This quiz has been taken 73 times
  • The average score is 14 of 19
Answer Stats
Book Author % Correct
Harry Potter J. K. Rowling
100%
Pride and Prejudice Jane Austen
97%
The Hobbit J. R. R. Tolkien
97%
A Tale of Two Cities Charles Dickens
95%
To Kill a Mockingbird Harper Lee
95%
The Adventures of Huckleberry Finn Mark Twain
92%
Frankenstein Mary Shelley
92%
Wuthering Heights Emily Brontë
91%
The Grapes of Wrath John Steinbeck
89%
Anna Karenina Leo Tolstoy
86%
Dracula Bram Stoker
84%
The Chronicles of Narnia C. S. Lewis
80%
The Call of the Wild Jack London
73%
Robinson Crusoe Daniel DeFoe
66%
And Then There Were None Agatha Christie
59%
A Series of Unfortunate Events Lemony Snicket
44%
Anne of Green Gables L. M. Montgomery
44%
The Maze Runner James Dashner
11%
Inkheart Cornelia Funke
6%
No matching quizzes found
Score Distribution
Percent of People with Each Score
Percentile by Number Answered
Your Score History
You have not taken this quiz